Diseño de un sistema de abastecimiento de agua tipo MABE en la comunidad La Laguna en la reserva de Miraflor, departamento de Estelí

Presenta un diseño de un sistema de abastecimiento de agua tipo MABE en la comunidad la Laguna en la reserva Mira Flor, departamento de Estelí. El diseño del sistema de abastecimiento de agua para el sector rural en Nicaragua está regido por las Normas INAA.

Bibliographic Details
Main Author: Torres Morales, Ossiris Eory
Other Authors: Tutor: Sierra Mercado, Jimmy
Format: Tesis Section = Libro
Language:Undetermined
Spanish
Published: Managua UNI/RUACS 2016
Subjects:
LEADER 01162nam a2200277Ia 4500
008 240830s9999 xx 000 0 und d
040 |a BIBLIOTECA-RUPAP Mon 628.72 T689 
041 |a spa 
082 |a Mon 628.72 T689 
100 1 |a Torres Morales, Ossiris Eory 
245 1 0 |a Diseño de un sistema de abastecimiento de agua tipo MABE en la comunidad La Laguna en la reserva de Miraflor, departamento de Estelí 
260 |a Managua  |b UNI/RUACS  |c 2016 
300 |a 56 p. :il. 
500 |a Prácticas profesionales. 
502 |a Tesis (Ingeniero Civil)- UNI, 2016. 
520 3 |a Presenta un diseño de un sistema de abastecimiento de agua tipo MABE en la comunidad la Laguna en la reserva Mira Flor, departamento de Estelí. El diseño del sistema de abastecimiento de agua para el sector rural en Nicaragua está regido por las Normas INAA. 
650 7 |a SISTEMA DE ABASTECIMIENTO DE AGUA-DISEÑO 
650 7 |b CONSUMO DE AGUA 
650 7 |c DOTACION DE AGUA 
650 7 |d DISEÑO HIDRAULICO 
650 7 |e TUBERIAS 
650 7 |f PRACTICAS PROFESIONALE 
700 1 |a Tutor:  |b Sierra Mercado, Jimmy 
942 |c BK  |2 ddc 
991 |a TESIS 
999 |c 16590